000
00230nam a2200097Ia 4500
001
929606
005
20250826191657.0
008
250824s9999 xx 000 0 und d
245
0
_a
UÇAN SU
_c
CAHİT UÇUK
260
_b
BİLGE YAYINLARI
999
_c
929606
_d
929606